Normal view
MARC view
- আখন্দ, শহীদ
Entry Personal Name
001 - CONTROL NUMBER
- control field: 5149
003 - CONTROL NUMBER IDENTIFIER
- control field: OSt
005 - DATE AND TIME OF LATEST TRANSACTION
- control field: 20230108053049.0
008 - FIXED-LENGTH DATA ELEMENTS
- fixed length control field: 230108|| aca||aabn | a|a d
040 ## - CATALOGING SOURCE
- Original cataloging agency: OSt
100 ## - HEADING--PERSONAL NAME
- Personal name: আখন্দ, শহীদ
